| 000 | 00630nam a2200181Ia 4500 | ||
|---|---|---|---|
| 008 | 090630s9999 xx 000 0 und d | ||
| 082 | _b11342 | ||
| 100 | _aढाकुलकर नाना. | ||
| 245 |
_aशुन्य देव्हारा. _cढाकुलकर नाना. |
||
| 260 |
_bजडे श्याम. _c1991 |
||
| 300 | _a24 | ||
| 600 | _aढाकुलकर नाना. | ||
| 630 | _aशुन्य देव्हारा. | ||
| 655 | _aबालवाङमय. | ||
| 700 | _aढाकुलकर नाना. | ||
| 730 | _aशुन्य देव्हारा. | ||
| 942 | _cBOOK | ||
| 999 |
_c263198 _d263198 |
||